000 00350nam a22001337a 4500
020 _a9780195116908
040 _cNust
082 _a621.38153
_bSED
100 _aK C Sedra
_9127579
245 _aMicroelectronic Circuits
260 _aNew York:
_b Oxford University Press Inc,
_c1998.
650 _aMicroelectronic Circuits
_991903
942 _2ddc
_cBK
999 _c612662
_d612662